Noemí Ruiz ; síntesis de mi espacio y tiempo ; Cd No. 2 [Disco compacto] (Record no. 8924)

MARC details
000 - LÍDER
campo de control de longitud fija 00977nam a2200181Ia 4500
008 - ELEMENTOS DE DATOS DE LONGITUD FIJA - INFORMACIÓN GENERAL
campo de control de longitud fija 000000[200?] d 0000000000spa00
090 ## - NÚMERO DE LLAMADA DE TIPO LC LOCALMENTE ASIGNADO (OCLC)
Número de clasificación (OCLC) (R) PPR02 R83n
100 1# - ENTRADA PRINCIPAL - NOMBRE PERSONAL
Nombre de la persona Ruíz, Noemi
Fechas asociadas a un nombre 1931
245 10 - TÍTULO DECLARACIÓN
Título Noemí Ruiz ; síntesis de mi espacio y tiempo ; Cd No. 2 [Disco compacto]
264 ## - AVISO DE PRODUCCIÓN, PUBLICACIÓN, DISTRIBUCIÓN, FABRICACIÓN Y DERECHOS DE AUTOR
Lugar de producción < s.l. : s.n. >
260 ## - PUBLICACIÓN, DISTRIBUCIÓN
Fecha de publicación 2000
300 ## - DESCRIPCIÓN FÍSICA
Alcance 1 CD ROM bajo windows ; 12 cm.
505 ## - NOTA DE CONTENIDO FORMATEADA
Nota sobre el contenido formateado Calor de verano El intruso Coqui Encuentro azul con una máscara pérdida Espacio rojo y veleros en el tiempo Estudio composición de formas y color Formas flotando en el espacio Línea de estrella fugaz L{ineas dinamismo y forma Paisaje cambiante Ritmo de azules y laberinto oculto Tiempo y espacio plano Tierra caribeña teXtura y calor Viaje en el tiempo
600 00 - ENTRADA DE SUJETO AÑADIDO - NOMBRE PERSONAL
Nombre de la persona RUIZ, NOEMI, 1931/
Subdivisión general TRABAJOS PICTORICOS
650 14 - ENTRADA DE SUJETO AÑADIDO - TÉRMINO TÓPICO
Término tópico o elemento de entrada del nombre geográfico ARTE CONTEMPORANEO PUERTORRIQUEÑO CDROM
650 14 - ENTRADA DE SUJETO AÑADIDO - TÉRMINO TÓPICO
Término tópico o elemento de entrada del nombre geográfico PINTORES PUERTORRIQUEÑOS CDROM
650 14 - ENTRADA DE SUJETO AÑADIDO - TÉRMINO TÓPICO
Término tópico o elemento de entrada del nombre geográfico PINTURA PUERTORRIQUEÑA CDROM
Holdings
Estado de retirada Pérdida de estatus Estado dañado No para préstamo Código de recogida Ubicación permanente Ubicación actual Ubicación de las estanterías Fecha de adquisición Número de llamada completo Código de barras Fecha de la última vez que se vio Número de copia Precio efectivo desde Tipo de artículo Koha
        General ArtNexus ArtNexus General 06/09/2022 P-PR-02 R83N 8929 06/09/2022 Ej.1 06/09/2022 CD-ROM

Powered by Koha